[Event "Rottach Egern Seniors Cup 12th"]
[Site "Rottach Egern"]
[Date "2024.04.09"]
[Round "4"]
[White "Baeuml, Ulrich"]
[Black "Christen, Pierre"]
[Result "1-0"]
[WhiteElo "2016"]
[BlackElo "1917"]
[PlyCount "65"]
[EventDate "2024.04.06"]
[EventType "swiss"]
[EventRounds "9"]
[EventCountry "GER"]
[SourceTitle "CB16_2024"]
[SourceDate "2024.04.17"]
[SourceVersion "1"]
[SourceVersionDate "2024.04.17"]
[SourceQuality "1"]

1. c4 c5 2. g3 Nc6 3. Bg2 Nf6 4. Nc3 e5 5. e3 d6 6. Nge2 Be7 7. 0-0 0-0 8. a3 Be6 9. Nd5 Qd7 10. Nec3 Bh3 11. Nxf6+ Bxf6 12. Nd5 Bd8 13. b4 Ne7 14. Bxh3 Qxh3 15. Qf3 Ng6 16. Qg2 Qd7 17. Rb1 Rb8 18. d4 cxd4 19. exd4 f5 20. f4 e4 21. Be3 Qc6 22. Qa2 Kh8 23. a4 Qe8 24. a5 Rc8 25. Rfc1 Qf7 26. Qe2 Rg8 27. Qh5 b5 28. axb6 axb6 29. b5 Qb7 30. Qxf5 Re8 31. Ra1 Ra8 32. Qh5 Ra7 33. f5 1-0

[Event "Rottach Egern Seniors Cup 12th"]
[Site "Rottach Egern"]
[Date "2024.04.06"]
[Round "1"]
[White "Christen, Pierre"]
[Black "Semisch, Helga"]
[Result "1-0"]
[WhiteElo "1917"]
[BlackElo "1617"]
[PlyCount "70"]
[EventDate "2024.04.06"]
[EventType "swiss"]
[EventRounds "9"]
[EventCountry "GER"]
[SourceTitle "CB16_2024"]
[SourceDate "2024.04.17"]
[SourceVersion "1"]
[SourceVersionDate "2024.04.17"]
[SourceQuality "1"]

1. c4 c6 2. g3 e6 3. Bg2 d5 4. b3 f5 5. Nf3 Nd7 6. 0-0 Ngf6 7. d3 Bd6 8. Bb2 0-0 9. Nbd2 Ng4 10. e4 f4 11. h3 Nge5 12. Nxe5 Nxe5 13. Nf3 Nxf3+ 14. Bxf3 fxg3 15. e5 gxf2+ 16. Rxf2 Qg5+ 17. Bg4 Bc5 18. d4 Be7 19. Bc1 Qg6 20. Qc2 Qxc2 21. Rxc2 Bd7 22. Be3 Rf7 23. cxd5 cxd5 24. Rc7 Bc6 25. Bxe6 Kf8 26. Bxf7 Kxf7 27. Bg5 Re8 28. Rf1+ Ke6 29. Rxe7+ Rxe7 30. Bxe7 Kxe7 31. b4 g6 32. Kf2 Bb5 33. Rc1 a6 34. Rc7+ Ke6 35. Rxb7 Kf5 1-0

[Event "NATO-ch 33rd"]
[Site "Portoroz"]
[Date "2023.09.07"]
[Round "5"]
[White "Cheung, Jan W"]
[Black "Christen, Pierre"]
[Result "1-0"]
[WhiteElo "2050"]
[BlackElo "1847"]
[PlyCount "65"]
[EventDate "2023.09.04"]
[EventType "swiss"]
[EventRounds "7"]
[EventCountry "SLO"]
[SourceTitle "EXT 2024"]
[Source "ChessBase"]
[SourceDate "2023.10.10"]
[SourceVersion "1"]
[SourceVersionDate "2023.10.10"]
[SourceQuality "1"]

1. d4 d5 2. c4 c6 3. Nf3 Nf6 4. Nc3 dxc4 5. a4 Na6 6. e3 Bf5 7. Bxc4 e6 8. 0-0 Be7 9. Qe2 Nb4 10. Nh4 0-0 11. Nxf5 exf5 12. Rd1 Qa5 13. Bd2 Qc7 14. Na2 Nbd5 15. b4 Rfe8 16. Qf3 g6 17. Bf1 Ne4 18. Be1 Bd6 19. g3 Re7 20. Rac1 a6 21. Rc2 h5 22. b5 axb5 23. axb5 Kg7 24. bxc6 Ng5 25. Qxd5 bxc6 26. Rxc6 Qb7 27. Bg2 Ne4 28. Bxe4 fxe4 29. Nc3 Bb4 30. Qc4 Bxc3 31. Bxc3 h4 32. d5+ f6 33. Bxf6+ 1-0

[Event "NATO-ch 33rd"]
[Site "Portoroz"]
[Date "2023.09.07"]
[Round "6"]
[White "Christen, Pierre"]
[Black "Kamisli, Yigit"]
[Result "0-1"]
[WhiteElo "1847"]
[BlackElo "1386"]
[PlyCount "64"]
[EventDate "2023.09.04"]
[EventType "swiss"]
[EventRounds "7"]
[EventCountry "SLO"]
[SourceTitle "EXT 2024"]
[Source "ChessBase"]
[SourceDate "2023.10.10"]
[SourceVersion "1"]
[SourceVersionDate "2023.10.10"]
[SourceQuality "1"]

1. c4 e6 2. g3 f5 3. Bg2 Nf6 4. Nc3 Be7 5. d3 0-0 6. e4 fxe4 7. dxe4 e5 8. Nge2 d6 9. 0-0 Bg4 10. f3 Be6 11. b3 a5 12. Be3 Na6 13. Nd5 Qd7 14. Nec3 Bd8 15. Qd2 Bh3 16. Bxh3 Qxh3 17. Nxf6+ Bxf6 18. a3 Kh8 19. Nd5 c6 20. Nb6 Rad8 21. Qxa5 Nc5 22. Bxc5 dxc5 23. Rad1 Be7 24. Rxd8 Rxd8 25. Qc3 Rd4 26. Qc2 Bg5 27. Qg2 Be3+ 28. Kh1 Qh6 29. h4 Qe6 30. Re1 Rd2 31. Re2 Rxe2 32. Qxe2 Qh3+ 0-1

[Event "Bodensee Seniors op"]
[Site "Bregenz"]
[Date "2023.05.19"]
[Round "7"]
[White "Christen, Pierre"]
[Black "Tsifanskaya, Ludmila A"]
[Result "1/2-1/2"]
[WhiteElo "1891"]
[BlackElo "1990"]
[PlyCount "29"]
[EventDate "2023.05.13"]
[EventType "swiss"]
[EventRounds "7"]
[EventCountry "AUT"]
[SourceTitle "CBM 214 Extra"]
[Source "ChessBase"]
[SourceDate "2023.07.31"]
[SourceVersion "1"]
[SourceVersionDate "2023.07.31"]
[SourceQuality "1"]

1. c4 c5 2. g3 Nc6 3. Bg2 g6 4. Nc3 Bg7 5. Nf3 d6 6. 0-0 Nh6 7. d4 cxd4 8. Bxh6 Bxh6 9. Nxd4 Nxd4 10. Qxd4 0-0 11. Rad1 Bg7 12. Qd2 Bxc3 13. Qxc3 Qc7 14. Qd4 a5 15. b3 1/2-1/2

[Event "Bodensee Seniors op"]
[Site "Bregenz"]
[Date "2023.05.18"]
[Round "6"]
[White "Mittendorfer, Josef"]
[Black "Christen, Pierre"]
[Result "1/2-1/2"]
[WhiteElo "1974"]
[BlackElo "1891"]
[PlyCount "62"]
[EventDate "2023.05.13"]
[EventType "swiss"]
[EventRounds "7"]
[EventCountry "AUT"]
[SourceTitle "CBM 214 Extra"]
[Source "ChessBase"]
[SourceDate "2023.07.31"]
[SourceVersion "1"]
[SourceVersionDate "2023.07.31"]
[SourceQuality "1"]

1. d4 d5 2. g3 Nf6 3. Bg2 Bf5 4. Nf3 h6 5. 0-0 e6 6. c4 c6 7. b3 Be7 8. Bb2 0-0 9. Nc3 Nbd7 10. Nd2 Qc7 11. e4 dxe4 12. Ndxe4 Nxe4 13. Nxe4 Nf6 14. f3 Rad8 15. Qe2 Bg6 16. Kh1 Rd7 17. Bc3 Nh5 18. Rad1 Bxe4 19. Qxe4 Nf6 20. Qc2 Rfd8 21. Rd2 e5 22. Rfd1 exd4 23. Rxd4 Rxd4 24. Rxd4 Bc5 25. Rd3 Qe7 26. Qd1 Re8 27. Bf1 Nh7 28. Rd7 Qe3 29. Bd4 Bxd4 30. Rxd4 Nf8 31. Kg2 Qc3 1/2-1/2

[Event "Bodensee Seniors op"]
[Site "Bregenz"]
[Date "2023.05.17"]
[Round "5"]
[White "Christen, Pierre"]
[Black "Taube, Hubertus"]
[Result "0-1"]
[WhiteElo "1891"]
[BlackElo "2003"]
[PlyCount "60"]
[EventDate "2023.05.13"]
[EventType "swiss"]
[EventRounds "7"]
[EventCountry "AUT"]
[SourceTitle "CBM 214 Extra"]
[Source "ChessBase"]
[SourceDate "2023.07.31"]
[SourceVersion "1"]
[SourceVersionDate "2023.07.31"]
[SourceQuality "1"]

1. c4 f5 2. g3 Nf6 3. Bg2 e5 4. Nf3 e4 5. Nh4 d5 6. d3 dxc4 7. Qa4+ Nc6 8. 0-0 cxd3 9. exd3 Qxd3 10. Nc3 Qd4 11. Qb3 Qb4 12. Qc2 Nd4 13. Qd2 c5 14. Qg5 Be6 15. Bd2 h6 16. Qe3 Nc2 17. Qf4 Nxa1 18. Nxe4 Qxb2 19. Bc3 Nd5 20. Qe5 Qb6 21. Ba5 Qc6 22. Nxf5 b6 23. Ned6+ Bxd6 24. Qxe6+ Kd8 25. Nxd6 Re8 26. Nxe8 Qxe6 27. Rd1 Kxe8 28. Bxd5 Rd8 29. Re1 Qxe1+ 30. Bxe1 Rxd5 0-1

[Event "Bodensee op Seniors 6th"]
[Site "Bregenz"]
[Date "2022.05.23"]
[Round "2"]
[White "Christen, Pierre"]
[Black "Hanisch, Friedrich"]
[Result "1/2-1/2"]
[WhiteElo "1830"]
[BlackElo "2080"]
[PlyCount "78"]
[EventDate "2022.05.22"]
[EventType "swiss"]
[EventRounds "7"]
[EventCountry "AUT"]
[SourceTitle "CBM 208 Extra"]
[Source "ChessBase"]
[SourceDate "2022.07.31"]
[SourceVersion "1"]
[SourceVersionDate "2022.07.31"]
[SourceQuality "1"]

1. c4 c6 2. g3 d5 3. Bg2 Nf6 4. Nf3 Bg4 5. Ne5 Bf5 6. cxd5 cxd5 7. Nc3 e6 8. 0-0 Be7 9. Qa4+ Nbd7 10. g4 Bg6 11. h4 Bc2 12. b3 0-0 13. Nxd7 Nxd7 14. g5 Bf5 15. Bb2 f6 16. f4 Nb6 17. Qa5 Nd7 18. Qa4 Bc5+ 19. Kh1 a6 20. b4 Be7 21. Qb3 Nb6 22. d3 Qd7 23. a4 d4 24. Ne4 Rac8 25. Rac1 Bxe4 26. Bxe4 Kh8 27. a5 Na4 28. Ba1 e5 29. f5 fxg5 30. hxg5 Bxg5 31. Rxc8 Rxc8 32. Qe6 Qc7 33. f6 Bxf6 34. Qf5 Kg8 35. Qxh7+ Kf8 36. Bd5 Ke7 37. Rxf6 Kxf6 38. Qh4+ Kg6 39. Qg4+ Kf6 1/2-1/2

[Event "NATO-ch 31st"]
[Site "Blankenberge"]
[Date "2021.10.14"]
[Round "6.31"]
[White "Christen, Pierre"]
[Black "Tustanowski, Mateusz"]
[Result "0-1"]
[WhiteElo "1836"]
[BlackElo "2006"]
[PlyCount "62"]
[EventDate "2021.10.11"]
[EventType "team-swiss"]
[EventRounds "7"]
[EventCountry "BEL"]
[SourceTitle "CBM 204 Extra"]
[Source "ChessBase"]
[SourceDate "2021.11.30"]
[SourceVersion "1"]
[SourceVersionDate "2021.11.30"]
[SourceQuality "1"]
[WhiteTeam "Luxembourg"]
[BlackTeam "Poland"]
[WhiteTeamCountry "LUX"]
[BlackTeamCountry "POL"]

1. c4 e5 2. g3 Nc6 3. Bg2 g6 4. Nc3 Bg7 5. d3 d6 6. e4 Nge7 7. Nge2 0-0 8. 0-0 f5 9. Nd5 Rb8 10. Rb1 a6 11. Be3 Be6 12. b4 b5 13. Nxe7+ Nxe7 14. exf5 Nxf5 15. Ba7 Ra8 16. Bxa8 Qxa8 17. Be3 Nh4 18. gxh4 Bh3 19. f3 Rxf3 20. Rf2 Rxe3 21. Ng3 Bh6 22. Nf1 Kh8 23. cxb5 axb5 24. Qb3 Rf3 25. Rbb2 Bxf1 26. Kxf1 Re3 27. Rg2 e4 28. Rbe2 Rf3+ 29. Rgf2 e3 30. Rxe3 Rxe3 31. Rf7 Qh1+ 0-1

[Event "NATO-ch 30th"]
[Site "Berlin"]
[Date "2019.09.19"]
[Round "6.38"]
[White "Christen, Pierre"]
[Black "Steffers, Hendrik"]
[Result "1-0"]
[WhiteElo "1837"]
[BlackElo "1965"]
[PlyCount "97"]
[EventDate "2019.09.14"]
[EventType "team-swiss"]
[EventRounds "7"]
[EventCountry "GER"]
[SourceTitle "EXT 2020"]
[Source "ChessBase"]
[SourceDate "2019.10.17"]
[SourceVersion "1"]
[SourceVersionDate "2019.10.17"]
[SourceQuality "1"]
[WhiteTeam "NATO"]
[BlackTeam "NATO II"]

1. c4 g6 2. g3 Bg7 3. Bg2 Nf6 4. Nc3 0-0 5. e4 d6 6. Nge2 c5 7. 0-0 Nc6 8. d3 Bg4 9. f3 Bd7 10. a3 a6 11. Rb1 Rb8 12. b4 cxb4 13. axb4 Qb6+ 14. c5 dxc5 15. Na4 Qd8 16. bxc5 Na7 17. Nb6 Bb5 18. Bf4 Qxd3 19. Bxb8 Qe3+ 20. Rf2 Rxb8 21. Qd4 Qa3 22. e5 Nc6 23. Qc3 Qxc3 24. Nxc3 Nxe5 25. Nxb5 axb5 26. Rxb5 Nc6 27. Rd2 Ne8 28. Rb1 Bd4+ 29. Kf1 e5 30. f4 f6 31. Rbd1 Nc7 32. Nd7 Ra8 33. Bxc6 bxc6 34. Nxf6+ Kg7 35. fxe5 Bxe5 36. Ng4 Nd5 37. Nxe5 Ne3+ 38. Ke2 Nxd1 39. Kxd1 Ra5 40. Rc2 Ra6 41. Rb2 Kf6 42. Nd3 Ke6 43. Kc2 Ra1 44. Nc1 Ra5 45. Nb3 Ra8 46. Kc3 h5 47. Rd2 Rc8 48. Rd6+ Kf5 49. Rxc6 1-0

[Event "NATO-ch 30th"]
[Site "Berlin"]
[Date "2019.09.17"]
[Round "2.53"]
[White "Christen, Pierre"]
[Black "Sass, Andrew"]
[Result "1-0"]
[WhiteElo "1837"]
[BlackElo "1551"]
[PlyCount "57"]
[EventDate "2019.09.14"]
[EventType "team-swiss"]
[EventRounds "7"]
[EventCountry "GER"]
[SourceTitle "EXT 2020"]
[Source "ChessBase"]
[SourceDate "2019.10.17"]
[SourceVersion "1"]
[SourceVersionDate "2019.10.17"]
[SourceQuality "1"]
[WhiteTeam "NATO"]
[BlackTeam "Canada"]
[BlackTeamCountry "CAN"]

1. c4 e6 2. g3 Nf6 3. Bg2 d5 4. Nf3 c6 5. b3 Be7 6. 0-0 0-0 7. Bb2 Nbd7 8. d4 c5 9. cxd5 Nxd5 10. e4 Nb4 11. a3 Nc6 12. dxc5 Nxc5 13. Nbd2 Qb6 14. Qc2 Nd7 15. e5 Qc7 16. Ne4 h6 17. g4 Qd8 18. Rad1 Qe8 19. g5 h5 20. Rxd7 Bxd7 21. Nf6+ Bxf6 22. gxf6 g6 23. Qd2 Ne7 24. Nh4 Kh7 25. fxe7 Qxe7 26. Bc1 Bb5 27. Qh6+ Kg8 28. Re1 Qxh4 29. Bg5 1-0

[Event "Bodensee Seniors op"]
[Site "Bregenz"]
[Date "2019.06.01"]
[Round "7"]
[White "Cordes, Lothar"]
[Black "Christen, Pierre"]
[Result "1/2-1/2"]
[WhiteElo "1840"]
[BlackElo "1862"]
[PlyCount "38"]
[EventDate "2019.05.26"]
[EventType "swiss"]
[EventRounds "7"]
[EventCountry "AUT"]
[SourceTitle "CBM 190 Extra"]
[Source "ChessBase"]
[SourceDate "2019.07.15"]
[SourceVersion "1"]
[SourceVersionDate "2019.07.15"]
[SourceQuality "1"]

1. d4 d5 2. Nf3 Nf6 3. c4 c6 4. Nc3 a6 5. e3 Bf5 6. Bd2 e6 7. Nh4 Be4 8. Nxe4 Nxe4 9. Nf3 Nxd2 10. Qxd2 Nd7 11. Bd3 dxc4 12. Bxc4 b5 13. Bd3 Bd6 14. 0-0 0-0 15. Rfd1 Qe7 16. Qc2 f5 17. Qxc6 Rfc8 18. Qb7 Rcb8 19. Qc6 Rc8 1/2-1/2

[Event "Bodensee Seniors op"]
[Site "Bregenz"]
[Date "2019.05.28"]
[Round "3"]
[White "Christen, Pierre"]
[Black "Chan, Peng Kong"]
[Result "0-1"]
[WhiteElo "1862"]
[BlackElo "2129"]
[PlyCount "100"]
[EventDate "2019.05.26"]
[EventType "swiss"]
[EventRounds "7"]
[EventCountry "AUT"]
[SourceTitle "CBM 190 Extra"]
[Source "ChessBase"]
[SourceDate "2019.07.15"]
[SourceVersion "1"]
[SourceVersionDate "2019.07.15"]
[SourceQuality "1"]

1. c4 Nf6 2. g3 e6 3. Bg2 d5 4. cxd5 exd5 5. d4 c6 6. Nf3 Bf5 7. 0-0 Nbd7 8. Nc3 Bd6 9. Nh4 Be6 10. f4 Nb6 11. f5 Bd7 12. e4 dxe4 13. Bg5 Be7 14. Nxe4 0-0 15. Qf3 Nbd5 16. Rae1 Qb6 17. Nxf6+ Bxf6 18. Bxf6 Nxf6 19. Qf2 Rad8 20. h3 Bc8 21. Rd1 Rd6 22. g4 h6 23. Rfe1 Rfd8 24. Nf3 Qa5 25. a3 c5 26. Re5 Qa4 27. Qd2 b6 28. Rc1 Bb7 29. Qf2 Bxf3 30. Bxf3 Rxd4 31. Rce1 Rd2 32. R5e2 Rxe2 33. Rxe2 Qf4 34. Kg2 Re8 35. Rxe8+ Nxe8 36. Bc6 Qxf2+ 37. Kxf2 Nd6 38. Bd5 Kf8 39. Ke3 Ke7 40. a4 Kf6 41. Kf4 g5+ 42. fxg6 fxg6 43. b3 g5+ 44. Ke3 Ke5 45. Bg8 Ne4 46. Bc4 Nf6 47. Bf7 Nd5+ 48. Kf3 Kd4 49. Bg8 Nc3 50. Bc4 Ne4 0-1

[Event "Oberursel Anderssen Memorial 1st"]
[Site "Oberursel"]
[Date "2018.09.01"]
[Round "1"]
[White "Christen, Pierre"]
[Black "Luebbers, Doris"]
[Result "1-0"]
[WhiteElo "1894"]
[BlackElo "1515"]
[PlyCount "65"]
[EventDate "2018.09.01"]
[EventType "swiss"]
[EventRounds "7"]
[EventCountry "GER"]
[SourceTitle "CBM 186 Extra"]
[Source "ChessBase"]
[SourceDate "2018.08.24"]
[SourceVersion "1"]
[SourceVersionDate "2018.08.24"]
[SourceQuality "1"]

1. c4 c5 2. g3 e6 3. Bg2 Nf6 4. Nc3 Be7 5. e4 d6 6. Nge2 Nc6 7. d4 cxd4 8. Nxd4 Nxd4 9. Qxd4 e5 10. Qd3 Bd7 11. 0-0 0-0 12. b3 Bc6 13. Rd1 Qc7 14. Qe2 Rad8 15. Bb2 Bd7 16. h3 Qb8 17. Rd3 Be6 18. Rad1 Rd7 19. f4 exf4 20. gxf4 Rdd8 21. Nb5 Ne8 22. Nc3 f6 23. Ba3 Rf7 24. Nd5 Bxd5 25. Rxd5 Bf8 26. e5 fxe5 27. fxe5 g6 28. exd6 Bxd6 29. Bxd6 Rxd6 30. Rxd6 Nxd6 31. Bd5 Kg7 32. Qe5+ Kh6 33. Bxf7 1-0

[Event "Rheinland Pfalz op Seniors 15th"]
[Site "Neustadt an der Weinstrasse"]
[Date "2017.07.23"]
[Round "9"]
[White "Christen, Pierre"]
[Black "Thronicke, Klaus Peter"]
[Result "1/2-1/2"]
[WhiteElo "2004"]
[BlackElo "1847"]
[PlyCount "48"]
[EventDate "2017.07.15"]
[EventType "swiss"]
[EventRounds "9"]
[EventCountry "GER"]
[SourceTitle "EXT 2018"]
[Source "ChessBase"]
[SourceDate "2017.10.13"]
[SourceVersion "1"]
[SourceVersionDate "2017.10.13"]
[SourceQuality "1"]

1. Nf3 d5 2. c4 c6 3. b3 e6 4. Bb2 Nf6 5. g3 b6 6. Bg2 Bb7 7. 0-0 Nbd7 8. e3 Rc8 9. d3 Be7 10. Nbd2 0-0 11. e4 c5 12. e5 Ne8 13. Ne1 Qc7 14. f4 dxc4 15. dxc4 Bxg2 16. Nxg2 f6 17. Qe2 f5 18. Rad1 g6 19. Nf3 Ng7 20. Rd3 Rfd8 21. Rfd1 Nb8 22. Ne3 Rxd3 23. Rxd3 Rd8 24. Nc2 Nc6 1/2-1/2

[Event "Rheinland Pfalz op Seniors 15th"]
[Site "Neustadt an der Weinstrasse"]
[Date "2017.07.20"]
[Round "6"]
[White "Christen, Pierre"]
[Black "Leibfried, Peter"]
[Result "1-0"]
[WhiteElo "2004"]
[BlackElo "1671"]
[PlyCount "77"]
[EventDate "2017.07.15"]
[EventType "swiss"]
[EventRounds "9"]
[EventCountry "GER"]
[SourceTitle "EXT 2018"]
[Source "ChessBase"]
[SourceDate "2017.10.13"]
[SourceVersion "1"]
[SourceVersionDate "2017.10.13"]
[SourceQuality "1"]

1. Nf3 d5 2. g3 Nf6 3. Bg2 g6 4. c4 c6 5. cxd5 cxd5 6. Nc3 Bg7 7. d3 0-0 8. 0-0 Nc6 9. Qa4 e5 10. Qh4 Nh5 11. Qa4 Nf6 12. Bg5 h6 13. Bd2 Bd7 14. Qb3 Na5 15. Qa3 Nc6 16. b4 Qe7 17. Qb3 e4 18. Ne1 Nd4 19. Qd1 a5 20. bxa5 Rxa5 21. Rb1 Bc6 22. e3 Ne6 23. Nxe4 Rb5 24. Rxb5 Bxb5 25. Nxf6+ Bxf6 26. Qb3 Qd7 27. Qxd5 Rd8 28. Qxb7 Bxd3 29. Qxd7 Rxd7 30. Nxd3 Rxd3 31. Bb4 Nc7 32. Rc1 Na6 33. Be1 Ra3 34. Bf1 Kg7 35. Bc4 g5 36. Bb3 Be7 37. Rc6 Bb4 38. Rxa6 Rxa6 39. Bxb4 1-0

[Event "Luxembourg-chT 1415"]
[Site "Luxembourg"]
[Date "2014.10.05"]
[Round "1"]
[White "Christen, Pierre"]
[Black "Beck, Luc"]
[Result "1-0"]
[WhiteElo "2011"]
[BlackElo "1725"]
[PlyCount "77"]
[EventDate "2014.10.05"]
[EventType "team-tourn"]
[EventRounds "10"]
[EventCountry "LUX"]
[SourceTitle "EXT 2017"]
[Source "ChessBase"]
[SourceDate "2016.10.25"]
[SourceVersion "1"]
[SourceVersionDate "2016.10.25"]
[SourceQuality "1"]

1. Nf3 Nf6 2. c4 e6 3. Nc3 Nc6 4. d4 Bb4 5. Qc2 d5 6. e3 0-0 7. c5 Qe7 8. Bd2 Bxc3 9. Bxc3 Ne4 10. Bd3 f5 11. 0-0 Bd7 12. b4 Ng5 13. Nxg5 Qxg5 14. f4 Qf6 15. b5 Nd8 16. a4 c6 17. Kh1 g6 18. Rg1 Nf7 19. g4 Qh4 20. g5 h6 21. Be1 Qh3 22. Rg3 Qh4 23. Qg2 hxg5 24. Rxg5 Qh7 25. Rxg6+ Kh8 26. Rg3 Rg8 27. Be2 Rxg3 28. Bxg3 Rg8 29. Qf2 Nh6 30. Bh4 Rg6 31. Bg5 Ng4 32. Qg3 Qh5 33. Kg2 Rxg5 34. fxg5 Qxg5 35. Bxg4 fxg4 36. Rf1 Qg6 37. Qh4+ Kg7 38. Qe7+ Kh6 39. Rf6 1-0

[Event "Luxembourg-chT 1314"]
[Site "Luxembourg"]
[Date "2014.02.09"]
[Round "7"]
[White "Christen, Pierre"]
[Black "Blaeser, Romain"]
[Result "1/2-1/2"]
[WhiteElo "2011"]
[BlackElo "1971"]
[PlyCount "43"]
[EventDate "2013.10.05"]
[EventType "team-tourn"]
[EventRounds "10"]
[EventCountry "LUX"]
[SourceTitle "EXT 2017"]
[Source "ChessBase"]
[SourceDate "2016.10.25"]
[SourceVersion "1"]
[SourceVersionDate "2016.10.25"]
[SourceQuality "1"]

1. Nf3 g6 2. e4 Bg7 3. d4 d6 4. Bc4 e6 5. 0-0 Ne7 6. Be3 a6 7. a4 b6 8. Nbd2 0-0 9. c3 Nd7 10. Qb3 Nf6 11. Bd3 h6 12. h3 Bb7 13. Rad1 Rb8 14. e5 Nfd5 15. Ne4 Nxe3 16. fxe3 Nf5 17. Rfe1 dxe5 18. dxe5 Qe7 19. c4 Rfd8 20. Qc3 a5 21. Nf6+ Kh8 22. Be4 1/2-1/2

[Event "Luxembourg-chT 1213"]
[Site "Luxembourg"]
[Date "2013.05.10"]
[Round "9"]
[White "Christen, Pierre"]
[Black "Mossong, Hubert"]
[Result "1/2-1/2"]
[WhiteElo "2011"]
[BlackElo "2159"]
[PlyCount "66"]
[EventDate "2012.10.??"]
[EventType "team-tourn"]
[EventRounds "10"]
[EventCountry "LUX"]
[SourceTitle "EXT 2017"]
[Source "ChessBase"]
[SourceDate "2016.10.25"]
[SourceVersion "1"]
[SourceVersionDate "2016.10.25"]
[SourceQuality "1"]

1. Nf3 d6 2. d4 Bg4 3. Qd3 c6 4. Bf4 Nd7 5. Nbd2 Ngf6 6. h3 Bh5 7. e4 h6 8. Qb3 g5 9. Bh2 Qb6 10. Bd3 Bg6 11. 0-0 c5 12. Qa4 Qb4 13. Qxb4 cxb4 14. Rfe1 Nh5 15. Rac1 Rc8 16. Nc4 Nf4 17. Bxf4 gxf4 18. Nh4 e5 19. c3 bxc3 20. Rxc3 Kd8 21. Nxg6 fxg6 22. dxe5 dxe5 23. Rd1 Bc5 24. Be2 Bd4 25. Rc2 Ke7 26. Bg4 Rc7 27. Nxe5 Rxc2 28. Nxg6+ Ke8 29. Bxd7+ Kf7 30. Nxh8+ Bxh8 31. Ba4 Rxb2 32. Bb3+ Ke8 33. Kf1 Bf6 1/2-1/2

[Event "Luxembourg-chT 1213"]
[Site "Luxembourg"]
[Date "2013.01.10"]
[Round "4"]
[White "Mergen, Mett"]
[Black "Christen, Pierre"]
[Result "1/2-1/2"]
[WhiteElo "1671"]
[BlackElo "2011"]
[PlyCount "79"]
[EventDate "2012.10.??"]
[EventType "team-tourn"]
[EventRounds "10"]
[EventCountry "LUX"]
[SourceTitle "EXT 2017"]
[Source "ChessBase"]
[SourceDate "2016.10.25"]
[SourceVersion "1"]
[SourceVersionDate "2016.10.25"]
[SourceQuality "1"]

1. d4 d5 2. c4 c6 3. cxd5 cxd5 4. Bf4 Nc6 5. e3 Qb6 6. Nc3 Nf6 7. Qd2 Bf5 8. Bb5 e6 9. Nge2 Bb4 10. a3 Ne4 11. Bxc6+ Qxc6 12. Qc1 Nxc3 13. Nxc3 Bxc3+ 14. Qxc3 Qxc3+ 15. bxc3 Kd7 16. Kd2 Rhc8 17. Rhc1 Rc4 18. Ra2 a5 19. Rb2 Kc6 20. h4 Ra6 21. Ra1 Rb6 22. Raa2 Rxb2+ 23. Rxb2 Ra4 24. f3 h5 25. Ra2 b5 26. Kc1 b4 27. cxb4 axb4 28. Kb2 Kb5 29. Bd6 Rxa3 30. Rxa3 bxa3+ 31. Kxa3 Kc4 32. Bf8 g6 33. Be7 Kd3 34. Bg5 Ke2 35. Kb4 Kf2 36. g4 Bxg4 37. Kc5 Kxf3 38. Kd6 f6 39. Bxf6 Kxe3 40. Ke5 1/2-1/2

[Event "Luxembourg-chT 1112"]
[Site "Luxembourg"]
[Date "2012.04.10"]
[Round "8"]
[White "Schweitzer, Viktoriya"]
[Black "Christen, Pierre"]
[Result "1-0"]
[WhiteElo "2185"]
[BlackElo "2011"]
[PlyCount "59"]
[EventDate "2011.10.??"]
[EventType "team-tourn"]
[EventRounds "10"]
[EventCountry "LUX"]
[SourceTitle "EXT 2017"]
[Source "ChessBase"]
[SourceDate "2016.10.25"]
[SourceVersion "1"]
[SourceVersionDate "2016.10.25"]
[SourceQuality "1"]

1. e4 c6 2. d4 d5 3. exd5 cxd5 4. c4 Nf6 5. Nc3 Nc6 6. Nf3 Bg4 7. cxd5 Nxd5 8. Qb3 Bxf3 9. gxf3 e6 10. Qxb7 Nxd4 11. Bb5+ Nxb5 12. Qc6+ Ke7 13. Qxb5 Qd7 14. Nxd5+ Qxd5 15. Qxd5 exd5 16. Be3 Ke6 17. 0-0-0 Bb4 18. Rhg1 g6 19. Bd4 Rhd8 20. a3 Bd6 21. Kb1 Rd7 22. h4 h5 23. Rde1+ Kf5 24. Rg5+ Kf4 25. Rxd5 Rdd8 26. Rxd6 Rxd6 27. Be5+ Kxf3 28. Bxd6 Kxf2 29. Re7 f5 30. Rg7 1-0

[Event "Luxembourg-chT 1112"]
[Site "Luxembourg"]
[Date "2012.03.10"]
[Round "6"]
[White "Christen, Pierre"]
[Black "Vatter, Hans Joachim"]
[Result "0-1"]
[WhiteElo "2011"]
[BlackElo "2361"]
[PlyCount "60"]
[EventDate "2011.10.??"]
[EventType "team-tourn"]
[EventRounds "10"]
[EventCountry "LUX"]
[SourceTitle "EXT 2017"]
[Source "ChessBase"]
[SourceDate "2016.10.25"]
[SourceVersion "1"]
[SourceVersionDate "2016.10.25"]
[SourceQuality "1"]

1. Nf3 c5 2. c4 g6 3. d4 cxd4 4. Nxd4 Nf6 5. Nc3 Nc6 6. e4 Nxd4 7. Qxd4 d6 8. Be2 Bg7 9. Be3 0-0 10. Qd2 Be6 11. Rc1 Qa5 12. 0-0 Rfc8 13. b3 a6 14. f3 b5 15. cxb5 axb5 16. Rfd1 Bd7 17. Nd5 Rxc1 18. Qxc1 Nxd5 19. Rxd5 Qxa2 20. Qd1 Qb2 21. Kf2 Bc3 22. Bc1 Qb1 23. Bd3 Qa2+ 24. Kg3 b4 25. Bc4 Be6 26. f4 Bxd5 27. Bxd5 Rc8 28. Qg4 Rc5 29. Be3 Rxd5 30. exd5 Qxb3 0-1